Online katalóg knižníc regiónu Turca

Svedka treba odstrániť ; Džob nevhodný pre ženu (Record no. 20733)

MARC details
000 -LEADER
fixed length control field 02113cam a2200541 a 4500
001 - CONTROL NUMBER
control field 20733
003 - CONTROL NUMBER IDENTIFIER
control field VRT
005 - DATE AND TIME OF LATEST TRANSACTION
control field 20260130153758.0
008 - FIXED-LENGTH DATA ELEMENTS--GENERAL INFORMATION
fixed length control field 240226s1982 xo gr 000 f slo
015 ## - NATIONAL BIBLIOGRAPHY NUMBER
National bibliography number SNBA1983/05
020 ## - INTERNATIONAL STANDARD BOOK NUMBER
Qualifying information (viazané)
035 ## - SYSTEM CONTROL NUMBER
System control number SNK000034185
035 ## - SYSTEM CONTROL NUMBER
System control number 9966F20F-CB62-4AA9-82A4-D49C3C56A75D
035 ## - SYSTEM CONTROL NUMBER
System control number urn:nbn:sk:snk-am00iiv7
039 #9 - LEVEL OF BIBLIOGRAPHIC CONTROL AND CODING DETAIL [OBSOLETE]
Level of rules in bibliographic description 202402261908
Level of effort used to assign nonsubject heading access points VLOAD
Level of effort used to assign subject headings 202305011810
Level of effort used to assign classification VLOAD
Level of effort used to assign subject headings 202304281410
Level of effort used to assign classification VLOAD
Level of effort used to assign subject headings 202304281047
Level of effort used to assign classification VLOAD
040 ## - CATALOGING SOURCE
Original cataloging agency SNK
Language of cataloging slo
Transcribing agency SNK
Description conventions AACR2
041 1# - LANGUAGE CODE
Language code of text/sound track or separate title slo
Language code of original eng
044 ## - COUNTRY OF PUBLISHING/PRODUCING ENTITY CODE
MARC country code xo
ISO country code SK
072 #7 - SUBJECT CATEGORY CODE
Subject category code 821.111-3
Subject category code subdivision Anglická próza, anglicky písaná
Source konspekt
080 ## - UNIVERSAL DECIMAL CLASSIFICATION NUMBER
Universal Decimal Classification number 820-3
Edition identifier 1997
080 ## - UNIVERSAL DECIMAL CLASSIFICATION NUMBER
Universal Decimal Classification number 821.111-31
Edition identifier 2011
080 ## - UNIVERSAL DECIMAL CLASSIFICATION NUMBER
Universal Decimal Classification number (0:82-312.4)
Edition identifier 2011
100 1# - MAIN ENTRY--PERSONAL NAME
Personal name James, P. D.,
Dates associated with a name 1920-2014
Relationship aut
245 10 - TITLE STATEMENT
Title Svedka treba odstrániť ; Džob nevhodný pre ženu
Statement of responsibility, etc. Patricia Dorothy James ; [z anglických originálov Death of an expert witness, An Unsuitable Job for a Woman preložili Dušan Slobodník a Ladislav Mihálik]
250 ## - EDITION STATEMENT
Edition statement 1. vyd.
260 ## - PUBLICATION, DISTRIBUTION, ETC.
Place of publication, distribution, etc. Bratislava
Name of publisher, distributor, etc. Slovenský spisovateľ
Date of publication, distribution, etc. 1982
Place of manufacture Trnava
Manufacturer Polygrafické závody
300 ## - PHYSICAL DESCRIPTION
Extent 412 strán
Dimensions 21 cm
490 1# - SERIES STATEMENT
Series statement Zelená knižnica
500 ## - GENERAL NOTE
General note Dokument obsahuje 2 diela
655 #7 - INDEX TERM--GENRE/FORM
Genre/form data or focus term anglické romány
Source of term SNKPH
655 #7 - INDEX TERM--GENRE/FORM
Genre/form data or focus term detektívne romány
Source of term SNKPH
700 12 - ADDED ENTRY--PERSONAL NAME
Personal name James, P. D.,
Dates associated with a name 1920-2014
Title of a work Death of an expert witness c
Language of a work Slovensky
700 12 - ADDED ENTRY--PERSONAL NAME
Personal name James, P. D.,
Dates associated with a name 1920-2014
Title of a work An Unsuitable Job for a Woman
Language of a work Slovensky
700 1# - ADDED ENTRY--PERSONAL NAME
Personal name Slobodník, Dušan,
Dates associated with a name 1927-2001
Relationship trl
700 1# - ADDED ENTRY--PERSONAL NAME
Personal name Mihálik, Ladislav,
Dates associated with a name 1951-
Relationship trl
740 02 - ADDED ENTRY--UNCONTROLLED RELATED/ANALYTICAL TITLE
Uncontrolled related/analytical title Džob nevhodný pre ženu
830 #0 - SERIES ADDED ENTRY--UNIFORM TITLE
Uniform title Zelená knižnica
910 ## - USER-OPTION DATA (OCLC)
User-option data snk
942 ## - ADDED ENTRY ELEMENTS (KOHA)
Source of classification or shelving scheme Dewey Decimal Classification
Koha item type Krásna literatúra pre dospelých
Suppress in OPAC No
949 ## - LOCAL PROCESSING INFORMATION (OCLC)
6 270001000538835
a svkbbA 32615
b svkbbm 417051
949 ## - LOCAL PROCESSING INFORMATION (OCLC)
6 4710700497
a strmkB
b strmk2008/497
949 ## - LOCAL PROCESSING INFORMATION (OCLC)
6 4710700645
a strmkB
b strmk2008/645
949 ## - LOCAL PROCESSING INFORMATION (OCLC)
6 17A0163553
a snkSC 57735 D1
949 ## - LOCAL PROCESSING INFORMATION (OCLC)
6 270001000241540
a svkbbA 32615
b svkbbm 416650
949 ## - LOCAL PROCESSING INFORMATION (OCLC)
6 17A0801115
a snkSC 57735
b snkKSP 3212/83
s 6100:20220706
949 ## - LOCAL PROCESSING INFORMATION (OCLC)
6 273K0149989
a svkpoA 124294
b svkpo290681
Holdings
Stav vyradenia Strata Poškodenie Spôsob nadobudnutia Domovská knižnica Aktuálna knižnica Dátum nadobudnutia Total checkouts Čiarový kód exemplára Date last seen Typ exemplára
      Dar Obecná knižnica Horná Štubňa Obecná knižnica Horná Štubňa 30.01.2026   4736200880 30.01.2026 Krásna literatúra pre dospelých
Projekt je podporený Slovenskou asociáciou knižníc
Prevádzkuje Turčianska knižnica Martin 2026